L'école de Gaza : espace littéraire et identité culturelle dans l'antiquité tardive : actes du colloque international de Paris, Collège de France, 23-25 mai 2013 /

محفوظ في:

مؤلفون آخرون: Amato, Eugenio., Corcella, Aldo., Lauritzen, Delphine.

التنسيق: كتاب

اللغة: French

منشور في: Leuven : Peeters, 2017.

سلاسل: Orientalia Lovaniensia analecta ; 249.
OLA ; 249.
Bibliothèque de Byzantion ; 13.

الموضوعات:

الوسوم: إضافة وسم

لا توجد وسوم, كن أول من يضع وسما على هذه التسجيلة!

رقم الطلب: DS1 .O7 v.249

LEADER 01215namaa2200325 4500
003 OSt
005 20251117150616.0
008 130303s2017 be 000 0 fre d
020 |a 9789042932630 
040 |c ARCE Library 
043 |a awgz--- 
050 4 |a DS1 .O7 v.249 
245 0 2 |a L'école de Gaza :  |b espace littéraire et identité culturelle dans l'antiquité tardive : actes du colloque international de Paris, Collège de France, 23-25 mai 2013 /  |c edités par Eugenio Amato, Aldo Corcella et Delphine Lauritzen. 
264 1 |a Leuven :  |b Peeters,  |c 2017. 
300 |a xi, 600 pages ;  |c 25 cm. 
490 1 |a Orientalia Lovaniensia analecta ;   |v 249. 
490 1 |a OLA ;   |v 249. 
490 1 |a Bibliothèque de Byzantion ;   |v 13. 
650 0 |a Greek literature  |z Gaza Strip  |z Gaza  |v Congresses. 
650 0 |a Greek language  |z Gaza Strip  |z Gaza  |v Congresses. 
651 0 |a Gaza  |x Antiquities  |v Congresses. 
700 1 |a Amato, Eugenio.  |9 25272 
700 1 |a Corcella, Aldo.  |9 28312 
700 1 |a Lauritzen, Delphine.  |9 34507 
830 0 |a Orientalia Lovaniensia analecta ;   |v 249. 
830 0 |a OLA ;   |v 249. 
830 0 |a Bibliothèque de Byzantion ;   |v 13. 
901 |a reviewed 
942 |c BK  |2 lcc 
999 |c 6692  |d 6692